|
|
|
|
| LEADER |
01230nam a22002657a 4500 |
| 001 |
38237 |
| 003 |
BD-DhAAL |
| 008 |
220329t2020 bg ||||| |||| 00| 0aben d |
| 999 |
|
|
|c 43910
|d 43910
|
| 020 |
|
|
|a 9789849408376
|
| 040 |
|
|
|a BD-DhAAL
|
| 041 |
|
|
|a ben
|
| 082 |
|
|
|a 891.44
|2 23
|
| 245 |
|
|
|a জলধর সেনের আত্নজীবনী /
|c সম্পাদনা ও ভূমিকা আবুল আহসান চৌধুরী ; লিপিকার নরেন্দ্রনাথ বসু
|
| 246 |
|
|
|a Jaladhar Sener atmojibani
|
| 260 |
|
|
|a ঢাকা :
|b পাঠক সমাবেশ,
|c ২০২০.
|
| 300 |
|
|
|a ২০৮ পৃষ্ঠা ;
|c ২২ সে.মি.
|
| 541 |
|
|
|a Donated By Akbar Ali Khan
|e 38237
|
| 600 |
|
|
|a সেন, জলধর
|9 47513
|
| 650 |
|
|
|a Bengali literature.
|9 47514
|
| 700 |
|
|
|a চৌধুরী, আবুল আহসান
|9 47515
|
| 700 |
|
|
|a বসু, নরেন্দ্রনাথ
|9 47516
|
| 852 |
|
|
|a Ayesha Abed Library
|c Akbar Ali Khan Collection
|
| 942 |
|
|
|2 ddc
|c BK
|
| 952 |
|
|
|0 0
|1 0
|2 ddc
|4 0
|6 891_440000000000000_JAL
|7 1
|9 70308
|a BRACUL
|b BRACUL
|c AAKC
|d 2022-03-29
|e Donated by Akbar Ali Khan
|l 0
|o 891.44 JAL
|p 3010038237
|r 2022-03-29
|t 1
|w 2022-03-29
|y BK
|